Communauté de communes des Hauts de Flandre - Statistiques

Statistiques générales
  • Ce quiz a été pris 8 fois
  • Le résultat moyen est 25 sur 40
Réponses sur la Carte
Les réponses sont colorées sur une échelle allant du rouge au vert en fonction du pourcentage des utilisateurs qui les ont devinées à leur premier essai. Vous pouvez retrouver ces pourcentages ci-dessous.
 
Statistiques - réponses
Communes % Correct
Bergues
100%
Esquelbecq
100%
Watten
100%
Wormhout
100%
Bierne
80%
Bissezeele
80%
Bollezeele
80%
Crochte
80%
Eringhem
80%
Hondschoote
80%
Hoymille
80%
Ledringhem
80%
Oost Cappel
80%
Pitgam
80%
Quaëdypre
80%
Rexpoëde
80%
Socx
80%
Steene
80%
Uxem
80%
West Cappel
80%
Zegerscappel
80%
Herzeele
60%
Looberghe
60%
Warhem
60%
Bambecque
40%
Brouckerque
40%
Broxeele
40%
Holque
40%
Killem
40%
Lederzeele
40%
Merckeghem
40%
Millam
40%
Nieurlet
40%
Saint Momelin
40%
Wulverdinghe
40%
Wylder
40%
Cappelle Brouck
20%
Drincham
20%
Saint Pierre Brouck
20%
Volckerinckhove
20%
Aucun quiz correspondant
Distribution des résultats
% des personnes avec chaque résultat
Percentile par nombre de réponses
Votre historique - résultats
Vous n’avez pas pris ce quiz